Central Library OPAC University of Rajshahi

Bede's ecclesiastical history of the English nation / (Record no. 31380)

MARC details
000 -LEADER
fixed length control field 00956nam a22002892a 4500
001 - CONTROL NUMBER
control field 31380
003 - CONTROL NUMBER IDENTIFIER
rucl marc code BD-RjUL
005 - DATE AND TIME OF LATEST TRANSACTION
control field 20211209051708.0
008 - FIXED-LENGTH DATA ELEMENTS--GENERAL INFORMATION
fixed length control field 140415r19541910enk b 001 0 eng d
035 ## - SYSTEM CONTROL NUMBER
System control number BD-RjUL)31467
040 ## - CATALOGING SOURCE
Original cataloging agency CLU
Transcribing agency CLU
Modifying agency EQO
-- BD-RjUL
Language of cataloging eng
041 ## - LANGUAGE CODE
Language code of text/sound track or separate title eng
082 04 - DEWEY DECIMAL CLASSIFICATION NUMBER
Classification number 270
Author mark and year BEB 1954
090 ## - LOCALLY ASSIGNED LC-TYPE CALL NUMBER (OCLC); LOCAL CALL NUMBER (OCLC)
Classification number (OCLC) (R) ; Classification number, CALL (RLIN) (NR) BR746
Local cutter number (OCLC) ; Book number/undivided call number, CALL (RLIN) .B39hE 1954
100 0# - MAIN ENTRY--PERSONAL NAME
Personal name Bede,
Dates associated with a name 673-735.
9 (RLIN) 95485
245 00 - TITLE STATEMENT
Title Bede's ecclesiastical history of the English nation /
Statement of responsibility, etc. introduction by David Knowles
260 ## - PUBLICATION, DISTRIBUTION, ETC. (IMPRINT)
Place of publication, distribution, etc. London :
Name of publisher, distributor, etc. Dent,
Date of publication, distribution, etc. 1910 [Reprinted 1954]
300 ## - PHYSICAL DESCRIPTION
Pagination xxiii, 382, 4 p. ;
Size 19 cm
500 ## - GENERAL NOTE
General note Original title: Historia ecclesiastica gentis Anglorum
504 ## - BIBLIOGRAPHY, ETC. NOTE
Bibliography, etc Includes bibliography and index
650 ## - SUBJECT ADDED ENTRY--TOPICAL TERM
Topical term or geographic name as entry element --
9 (RLIN) 95486
651 ## - SUBJECT ADDED ENTRY--GEOGRAPHIC NAME
Geographic name Great Britain
General subdivision Church history
Geographic subdivision Anglo-Saxon period.
9 (RLIN) 95487
700 1# - ADDED ENTRY--PERSONAL NAME
Personal name Knowles David
830 #0 - SERIES ADDED ENTRY--UNIFORM TITLE
Volume number/sequential designation [no. 479]
830 #0 - SERIES ADDED ENTRY--UNIFORM TITLE
Uniform title Everyman's library ;
942 ## - ADDED ENTRY ELEMENTS (KOHA)
Source of classification or shelving scheme Dewey Decimal Classification
Koha item type Books
Holdings
Lost status Source of classification or shelving scheme Damaged status Not for loan Collection code Permanent Location Current Location Shelving location Date acquired Source of acquisition Cost, normal purchase price Total Checkouts Full call number Date last seen Copy number Koha item type
  Dewey Decimal Classification   Not For Loan Non-fiction Central Library, University of Rajshahi Central Library, University of Rajshahi Reading Room 19/03/1955 B. H. Black Well 0.60   270 BEB 1954 15/04/2014 C-1 Books